000
00242nam a22000977a 4500
008
160513b xxu||||| |||| 00| 0 eng d
041
_a
eng
080
_a
611
245
_a
Pediatrics / REVISTA :
_c
American academy of pediatrics;
942
_2
udc
_c
BK
999
_c
2150
_d
2150